000 01085cam a2200301 a 4500
001 15392492
005 20180227092546.0
008 080801s2008 nyua 001 0 eng d
010 _a 2008298391
015 _aGBA876880
_2bnb
016 7 _a014632171
_2Uk
020 _a0071494731
020 _a9780071494731
035 _a(OCoLC)ocn230776016
040 _aSISPL
_cSISPL
_dHNW
_dUAT
_dYDXCP
_dIXA
_dUKM
_dBAKER
_dVP@
_dBTCTA
_dBWX
_dDLC
041 _aeng
042 _alccopycat
080 _a658.0019 SHEF
082 0 4 _a658.0019 SHEF
_222
100 1 _a54
101 _aMEN
245 1 0 _aEnding the management illusion :
_cHersh Shefrin.
246 3 0 _aEliminate the mental traps that threaten your organization's success
246 1 _iSubtitle book jacket:
_aHow to drive business results using the principles of behavioral finance
906 _a7
_bcbc
_ccopycat
_d2
_encip
_f20
_gy-gencatlg
942 _2ddc
_cBK
999 _c43648
_d43648